Gayest Places in America - Statistics

General Stats
  • This quiz has been taken 2,186 times
    2,121 since last reset
  • The average score is 11 of 40
Answer Stats
Hint Answer % Correct
5.2% California
90%
15.4% San Francisco
77%
5.7% Washington
75%
5.7% Massachusetts
62%
5.2% Maine
56%
5.1% Vermont
56%
12.3% Boston
51%
12.9% Seattle
51%
6.6% New Hampshire
50%
5.1% Colorado
44%
8.8% Portland
42%
8.1% District of Columbia
36%
8.1% Washington, DC
36%
4.9% New Mexico
35%
4.7% Minnesota
32%
12.8% Atlanta
31%
8.2% Denver
29%
7.7% Orlando
23%
12.5% Minneapolis
22%
94114 San Francisco (Castro District)
19%
94114 San Francisco (Castro District)
19%
94619 Oakland (Redwood Heights/Skyline)
18%
9.8% Sacramento
18%
90069 West Hollywood, CA
16%
02657 Provincetown, MA
12%
02657 Provincetown, MA
12%
33305 Ft Lauderdale (Wilton Manors)
9%
92264 Palm Springs, CA
7%
92262 Palm Springs, CA
7%
01062 Northhampton, MA
5%
01060 Northhampton, MA
5%
19971 Rehoboth Beach, DE
3%
19971 Rehoboth Beach, DE
3%
02130 Boston (Jamaica Plain)
2%
30002 Avondale Estates, GA
1%
75219 Dallas (Oak Lawn)
1%
48069 Detroit (Pleasant Ridge)
1%
95446 Guerneville, CA
1%
94131 SF (Noe Valley/Glen Park/Diamond Heights)
1%
02667 Wellfleet, MA
1%
No matching quizzes found
Score Distribution
Percent of People with Each Score
Percentile by Number Answered
Your Score History
You have not taken this quiz since the last reset